| 000 | 01306nam a22003254a 4500 | ||
|---|---|---|---|
| 001 | ebr10026340 | ||
| 003 | CaPaEBR | ||
| 006 | m u | ||
| 007 | cr cn||||||||| | ||
| 008 | 961205s1998 caua sb 000 0 eng | ||
| 010 | _z 96049290 | ||
| 020 | _z1885073399 | ||
| 040 |
_aCaPaEBR _cCaPaEBR |
||
| 035 | _a(OCoLC)70769518 | ||
| 050 | 1 | 4 |
_aHF5389 _b.K43 1998eb |
| 082 | 0 | 4 |
_a390/.009519 _221 |
| 100 | 1 |
_aKeating, Kevin, _d1930- |
|
| 245 | 1 | 0 |
_aPassport Korea _h[electronic resource] : _byour pocket guide to Korean business, customs & etiquette / _cKevin Keating ; contributing editor, Kim Jungsook. |
| 260 |
_aSan Rafael, Calif. : _bWorld Trade Press, _cc1998. |
||
| 300 |
_a96 p. : _bill. |
||
| 490 | 1 | _aPassport to the world | |
| 504 | _aIncludes bibliographical references (p. [94]-95). | ||
| 533 |
_aElectronic reproduction. _bPalo Alto, Calif. : _cebrary, _d2013. _nAvailable via World Wide Web. _nAccess may be limited to ebrary affiliated libraries. |
||
| 650 | 0 |
_aBusiness etiquette _zKorea. |
|
| 651 | 0 |
_aKorea _xSocial life and customs. |
|
| 655 | 7 |
_aElectronic books. _2local |
|
| 710 | 2 | _aebrary, Inc. | |
| 830 | 0 | _aPassport to the world. | |
| 856 | 4 | 0 |
_uhttp://site.ebrary.com/lib/rucke/Doc?id=10026340 _zAn electronic book accessible through the World Wide Web; click to view |
| 999 |
_c8267 _d8267 |
||